5 Premières Villes par Région Française - Statistiques

Statistiques générales
  • Ce quiz a été pris 325 fois
  • Le résultat moyen est 48 sur 60
Statistiques - réponses
Région Population Ville % Correct
Grand Est 1 276,000 Strasbourg
99%
Nouvelle Aquitaine 1 244,000 Bordeaux
98%
Hauts de France 1 231,000 Lille
98%
PACA 1 855,000 Marseille
98%
Île de France 1 2,230,000 Paris
98%
Auvergne-Rhône Alpes 1 501,000 Lyon
97%
Pays de la Loire 1 293,000 Nantes
97%
PACA 2 342,000 Nice
97%
Occitanie 1 458,000 Toulouse
97%
Bretagne 2 139,000 Brest
96%
Bretagne 1 211,000 Rennes
96%
Bourgogne-Franche Comté 1 153,000 Dijon
95%
Grand Est 5 104,000 Nancy
95%
Grand Est 3 119,000 Metz
94%
Occitanie 2 272,000 Montpellier
93%
Auvergne-Rhône Alpes 2 172,000 Saint-Étienne
92%
PACA 3 164,000 Toulon
92%
Normandie 1 172,000 Le Havre
91%
Normandie 3 107,000 Caen
90%
Normandie 2 111,000 Rouen
90%
Centre-Val de Loire 2 114,000 Orléans
89%
Grand Est 2 183,000 Reims
88%
Centre-Val de Loire 1 135,000 Tours
88%
Auvergne-Rhône Alpes 5 141,000 Clermont-Ferrand
87%
Auvergne-Rhône Alpes 3 160,000 Grenoble
87%
Bretagne 3 64,000 Quimper
87%
Pays de la Loire 2 150,000 Angers
85%
Occitanie 4 121,000 Perpignan
85%
Occitanie 3 151,000 Nîmes
84%
Grand Est 4 112,000 Mulhouse
83%
Nouvelle Aquitaine 5 74,000 La Rochelle
82%
Nouvelle Aquitaine 3 87,000 Poitiers
81%
Hauts de France 2 133,000 Amiens
80%
Nouvelle Aquitaine 2 135,000 Limoges
79%
Île de France 3 109,000 Saint-Denis
79%
Bretagne 5 53,000 Vannes
79%
Bourgogne-Franche Comté 2 117,000 Besançon
78%
Pays de la Loire 3 144,000 Le Mans
78%
Nouvelle Aquitaine 4 78,000 Pau
77%
Hauts de France 5 90,000 Dunkerque
76%
Bretagne 4 58,000 Lorient
76%
Auvergne-Rhône Alpes 4 147,000 Villeurbanne
76%
PACA 4 142,000 Aix-en-Provence
74%
Bourgogne-Franche Comté 5 35,000 Auxerre
71%
PACA 5 90,000 Avignon
71%
Centre-Val de Loire 3 67,000 Bourges
71%
Hauts de France 3 96,000 Roubaix
69%
Hauts de France 4 94,000 Tourcoing
66%
Centre-Val de Loire 4 46,000 Blois
65%
Occitanie 5 75,000 Béziers
63%
Pays de la Loire 4 69,000 Saint-Nazaire
61%
Centre-Val de Loire 5 45,000 Châteauroux
60%
Normandie 5 37,000 Cherbourg
59%
Normandie 4 50,000 Évreux
58%
Bourgogne-Franche Comté 3 50,000 Belfort
54%
Île de France 2 117,000 Boulogne-Billancourt
54%
Île de France 4 107,000 Argenteuil
47%
Île de France 5 104,000 Montreuil
47%
Bourgogne-Franche Comté 4 45,000 Chalon-sur-Saône
41%
Pays de la Loire 5 54,000 Cholet
40%
Aucun quiz correspondant
Distribution des résultats
% des personnes avec chaque résultat
Percentile par nombre de réponses
Votre historique - résultats
Vous n’avez pas pris ce quiz